Statystyki dla Wszystkie weaponsy z terrari

Kliknij tutaj aby rozwiązać quiz!

Ogólne statystyki

  • Ten quiz został rozwiązany 25 razy
  • Średni wynik to 18 z 414

Statystyki odpowiedzi

Odpowiedź% Poprawnych
Copper Shortsword
63%
Zenith
58%
Bomb
37%
Gold Shortsword
37%
Terra Blade
37%
Excalibur
32%
Iron Shortsword
32%
Wooden Bow
32%
Cactus Sword
26%
Copper Bow
26%
Gold Bow
26%
Megashark
26%
Minishark
26%
Night's Edge
26%
Tin Shortsword
26%
True Excalibur
26%
Blade of Grass
21%
Bone
21%
Imp Staff
21%
Iron Bow
21%
Last Prism
21%
Musket
21%
Platinum Bow
21%
Tin Bow
21%
True Night's Edge
21%
Wooden Sword
21%
Bee Gun
16%
Bone Sword
16%
Dynamite
16%
Enchanted Sword
16%
Flare Gun
16%
Gray Zapinator
16%
Grenade
16%
Ice Blade
16%
Katana
16%
Lead Bow
16%
Meowmere
16%
Muramasa
16%
Orange Zapinator
16%
Platinum Shortsword
16%
Silver Bow
16%
Silver Shortsword
16%
Slime Staff
16%
Star Cannon
16%
Starfury
16%
Sticky Bomb
16%
Tungsten Bow
16%
Wand of Sparking
16%
Arkhalis
11%
Bee Keeper
11%
Beenade
11%
Bouncy Bomb
11%
Breaker Blade
11%
Bubble Gun
11%
Cannon
11%
Cobalt Sword
11%
Coin Gun
11%
Copper Broadsword
11%
Daedalus Stormbow
11%
Flamethrower
11%
Gold Broadsword
11%
Ice Bow
11%
Ice Rod
11%
Influx Waver
11%
Lead Shortsword
11%
Mace
11%
Rainbow Gun
11%
Rainbow Rod
11%
Seedler
11%
Shotgun
11%
Sky Fracture
11%
Spear
11%
Star Wrath
11%
Terrarian
11%
The Bee's Knees
11%
Throwing Knife
11%
Tungsten Shortsword
11%
Wasp Gun
11%
Adamantite Sword
5%
Aerial Bane
5%
Amarok
5%
Amber Staff
5%
Amethyst Staff
5%
Aqua Scepter
5%
Ball O' Hurt
5%
Bananarang
5%
Blowgun
5%
Blowpipe
5%
Boomstick
5%
Bouncy Dynamite
5%
Bouncy Grenade
5%
Bunny Cannon
5%
Celebration
5%
Chain Knife
5%
Code 1
5%
Code 2
5%
Dart Pistol
5%
Dart Rifle
5%
Demon Bow
5%
Diamond Staff
5%
Elf Melter
5%
Enchanted Boomerang
5%
Flamarang
5%
Flaming Mace
5%
Flinx Staff
5%
Flower Pow
5%
Flying Knife
5%
Golden Shower
5%
Ice Boomerang
5%
Iron Broadsword
5%
Land Mine
5%
Leather Whip
5%
Light's Bane
5%
Lunar Flare
5%
Magic Missile
5%
Mythril Sword
5%
Nail Gun
5%
Orichalcum Sword
5%
Palm Wood Bow
5%
Palm Wood Sword
5%
Pearlwood Bow
5%
Pygmy Staff
5%
Quad-Barrel Shotgun
5%
Raven Staff
5%
Razorblade Typhoon
5%
Rotten Egg
5%
Ruby Staff
5%
Ruler
5%
Sandgun
5%
S.D.M.G
5%
Shroomerang
5%
Shuriken
5%
Silver Broadsword
5%
Skull Bow
5%
Sniper Rifle
5%
Snowball
5%
Snowman Cannon
5%
Space Gun
5%
Sticky Dynamite
5%
Sticky Grenade
5%
Tendon Bow
5%
Terraprisma
5%
Tin Broadsword
5%
Topaz Staff
5%
Tungsten Broadsword
5%
Umbrella
5%
Uzi
5%
Vampire Knifes
5%
Vilethorn
5%
Xeno Staff
5%
Zombie Arm
5%
Adamantite Glaive
0%
Adamantite Repeater
0%
Ale Tosser
0%
Amazon
0%
Anchor
0%
Artery
0%
Ballista Cane
0%
Ballista Rod
0%
Ballista Staff
0%
Bat Scepter
0%
Beam Sword
0%
Betsy's Wrath
0%
Bladed Glove
0%
Blade Staff
0%
Bladetongue
0%
Blizzard Staff
0%
Blood Butcherer
0%
Blood Rain Bow
0%
Blood Thorn
0%
Bloody Machete
0%
Blue Moon
0%
Bomb Fish
0%
Bone Javelin
0%
Bone Throwing Knife
0%
Book of Skulls
0%
Boreal Wood Bow
0%
Boreal Wood Sword
0%
Boring Bow
0%
Brand of the Inferno
0%
Breathing Reed
0%
Candy Cane Sword
0%
Candy Corn Rifle
0%
Cascade
0%
Celebretian Mk2
0%
Chaing Gun
0%
Chain Guillotines
0%
Charged Blaster Cannon
0%
Chik
0%
Chlorophyte Claymore
0%
Chlorophyte Partisan
0%
Chlorophyte Saber
0%
Chlorophyte Shotbow
0%
Christmas Tree Sword
0%
Classy Cane
0%
Clinger Staff
0%
Clockwor Assault Rifle
0%
Cobalt Naginata
0%
Cobalt Repeater
0%
Combat Wrench
0%
Cool Whip
0%
Crimson Rod
0%
Crystal Serpent
0%
Crystal Storm
0%
Crystal Vile Shard
0%
Cursed Flames
0%
Cutlass
0%
Dao of Powe
0%
Dark Harvest
0%
Dark Lance
0%
Daybreak
0%
Deadly Sphere Staff
0%
Death Sickle
0%
Demon Scythe
0%
Desert Tiger Staff
0%
Dripler Crippler
0%
Durendal
0%
Ebonwood Bow
0%
Ebonwood Sword
0%
Electrosphere Launchere
0%
Emerald Staff
0%
Etherian Javelin
0%
Eventide
0%
Exotic Scimitar
0%
Explosives
0%
Explosive Trap Cane
0%
Explosive Trap Rod
0%
Explosive Trap Staff
0%
Falcon Blade
0%
Fetid Baghnakhs
0%
Fiery Greatsword
0%
Finch Staff
0%
Firecracker
0%
First Fractal
0%
Flairon
0%
Flameburst Cane
0%
Flameburst Rod
0%
Flameburst Staff
0%
Flamelash
0%
Flintlock Pistol
0%
Flower of Fire
0%
Flower of Frost
0%
Flying Dragon
0%
Format:C
0%
Frostbrand
0%
Frost Daggerfish
0%
Frost Staff
0%
Fruitcake Chakram
0%
Gatligator
0%
Ghastly Glaive
0%
Gladius
0%
Golem Fist
0%
Gradient
0%
Grenade Launcher
0%
Gungnir
0%
Hallowed Jousting Lance
0%
Hallowed Repeater
0%
Handgun
0%
Happy Grenade
0%
Harpoon
0%
Heat Ray
0%
Hel-Fire
0%
Hellwing Bow
0%
Hornet Staff
0%
Icemourne
0%
Ice Sickle
0%
Inferno Fork
0%
Jack 'O Lantern Launcher
0%
Javelin
0%
Jousting Lance
0%
Kaleidoscope
0%
Keybrand
0%
KO Cannon
0%
Kraken
0%
Laser Machinegun
0%
Laser Rifle
0%
Lead Broadsword
0%
Leaf Blower
0%
Life Drain
0%
Light Disc
0%
Lighting Aura Cane
0%
Lighting Aura Rod
0%
Lighting Aura Staff
0%
Lunar Portal Staff
0%
Magical Harp
0%
Magic Dagger
0%
Magnet Sphere
0%
Malaise
0%
Mandible Blade
0%
Marrow
0%
Medusa Head
0%
Meteor Staff
0%
Molotov Cocktail
0%
Molten Fury
0%
Morning Star
0%
Mushroom Spear
0%
Mythril Halberd
0%
Mythril Repeater
0%
Nebula Arcanum
0%
Nebula Blaze
0%
Nettle Burst
0%
Nightglow
0%
Nimbus Rod
0%
North Pole
0%
Obsidian Swordfish
0%
Onyx Blaster
0%
Optic Staff
0%
Orichalcum Halberd
0%
Orichalcum Repeater
0%
Paintball Gun
0%
Paladin's Hammer
0%
Palladium Pike
0%
Palladium Repeater
0%
Palladium Sword
0%
Paper Airplane
0%
Pearlwood Sword
0%
Phantasm
0%
Phantom Phoenix
0%
Phaseblade
0%
Phasesaber
0%
Phoenix Blaster
0%
Piranha Gun
0%
Pirate Staff
0%
Platinum Broadsword
0%
Poisoned Knife
0%
Poison Staff
0%
Possesed Hatchet
0%
Proximity Mine Launcher
0%
Psycho Knife
0%
Pulse Bow
0%
Purple Clubberfish
0%
Queen Spider Staff
0%
Rainbow Crystal Staff
0%
Rally
0%
Razorpine
0%
Red Ryder
0%
Red's Throw
0%
Resonance Scepter
0%
Revolver
0%
Rich Mahogany Bow
0%
Rich Mahogany Sword
0%
Rocket Launcher
0%
Sanguine Staff
0%
Sapphire Staff
0%
Scarab Bomb
0%
Scourge of the Corruptor
0%
Scythe
0%
Sergeant United Shield
0%
Shadewood Bow
0%
Shadewood Sword
0%
Shadowbeam Staff
0%
Shadowflame Bow
0%
Shadowflame Hex Doll
0%
Shadowflame Knife
0%
Shadow Jousting Lance
0%
Sky Dragon's Fury
0%
Slap Hand
0%
Sleepy Octopod
0%
Snapthorn
0%
Snowball Cannon
0%
Snowball Launcher
0%
Solar Eruption
0%
Soul Scythe
0%
Spectre Staff
0%
Spider Staff
0%
Spiky Ball
0%
Spinal Tap
0%
Spirit Flame
0%
Staff of Earth
0%
Staff of the Frost Hydra
0%
Stake Launcher
0%
Star Anise
0%
Stardust Cell Staff
0%
Stardust Dragon Stuff
0%
Starlight
0%
Stellar Tune
0%
Storm Spear
0%
Stylish Scissors
0%
Stynger
0%
Sunfury
0%
Super Star Shooter
0%
Swordfish
0%
Tactical Shotgun
0%
Tempest Staff
0%
Terragrim
0%
The Eye of Cthulhu
0%
The Horseman's Blade
0%
The Meatball
0%
The Rotted Fork
0%
The Undertaker
0%
Thorn Chakram
0%
Thunder Zapper
0%
Titanium Repeater
0%
Titanium Sword
0%
Titanium Trident
0%
Tome of Infinite Wisdom
0%
Toxic Flask
0%
Toxikarp
0%
Tragic Umbrella
0%
Trident
0%
Tsunami
0%
Unholy Trident
0%
Valkyrie Yoyo
0%
Valor
0%
Vampire Frog Staff
0%
Venom Staff
0%
Venus Magnum
0%
Vortex Beater
0%
Water Bolt
0%
White Paper Airplane
0%
Wooden Boomerang
0%
Wooden Yoyo
0%
Xenopopper
0%
Yelets
0%

Rozkład punktacji

Percentyl według liczby udzielonych odpowiedzi

Procent ludzi z każdym wynikiem

Twoja historia wyników

Nie rozwiązałeś tego quizu